Un intercambio juvenil con Nicaragua y el trabajo internacional de solidaridad /
Se presenta un informe del intercambio juvenil entre Alemania y Nicaragua y el trabajo internacional de solidaridad. En el artículo se explica las observaciones que los jóvenes realizaron a nivel social y ecónomico, tanto los que fueron Alemania, como los que fueron a Nicaragua. Los muchachos durmie...
שמור ב:
| מחבר ראשי: | |
|---|---|
| פורמט: | Texto |
| נושאים: | |
| תגים: |
הוספת תג
אין תגיות, היה/י הראשונ/ה לתייג את הרשומה!
|
MARC
| LEADER | 00000 a a2200000 04500 | ||
|---|---|---|---|
| 001 | 5114 | ||
| 003 | |||
| 040 | |||
| 100 | |a Meyer, Klaus | ||
| 245 | |a Un intercambio juvenil con Nicaragua y el trabajo internacional de solidaridad / |c Klaus Meyer | ||
| 520 | |a Se presenta un informe del intercambio juvenil entre Alemania y Nicaragua y el trabajo internacional de solidaridad. En el artículo se explica las observaciones que los jóvenes realizaron a nivel social y ecónomico, tanto los que fueron Alemania, como los que fueron a Nicaragua. Los muchachos durmieron y comieron con familias, valoraron proyectos de la producción nacional de ambos países, aspectos políticos y también sociales. HB/hmbq | ||
| 650 | |a JUVENTUD | ||
| 650 | |a INTERCAMBIO DE ESTUDIANTES | ||
| 650 | |a ASPECTOS SOCIALES | ||
| 650 | |a ASPECTOS ECONOMICOS | ||
| 650 | |a ASPECTOS POLITICOS | ||
| 773 | |g número 3; páginas 143-145 | ||
| 999 | |c 35327 |d 35327 | ||
| 773 | 0 | |0 43409 |9 4932 |a Cruz Roja Española. |d Madrid: Cruz Roja Española. Interpress service |o MFN: 1330 |t Documentos para el Desarrollo / | |
